000 00350nam a2200133Ia 4500
008 230312s9999||||xx |||||||||||||| ||und||
082 _a891.4
_bSAL-A
100 _aحافظ صلاح الدین یوسف
245 0 _aاحسن البیان اردو
260 _bدارالسلام
_apak
300 _a1032
650 _aUrdu Literature
942 _cBK
999 _c13864
_d13864